000 00818nam a2200241 i 4500
001 67474
003 ES-MaACL
005 20240419214544.0
007 t|
008 190704s1969 sp ||||1| spa d
100 0 _aThurian, Max.
_9110184
245 1 3 _aLa confirmación y la confesión /
_cMax Thurian ; prefacio a "La Confesion" de Mare Boegner ; [traducción de Alejandro Montserrat.
260 _a[Barcelona] :
_bPeninsula,
_c[1969]
300 _a217 p. ;
_c20 cm.
490 1 _aColección Pensamiento Cristiano ;
_v22
650 0 4 _aPenitencia.
_915920
650 4 _aConfirmación.
_9135809
700 0 _aBoegner, Marc.
_929728
700 0 _aMontserrat Torrents, Alejandro.
_982747
830 0 _aColección pensamiento cristiano
_v22
_9179624
852 _aES-MaACL
_jP-618-Ter-19
999 _c67474
_d67474